[Event "New York Winter Invitational IM-D 2022"]
[Site "New York"]
[Date "2022.01.17"]
[Round "8.3"]
[White "Rosenberg, Evan S"]
[Black "Chasin, Nico"]
[Result "0-1"]
[WhiteElo "2099"]
[BlackElo "2232"]
[Annotator "TA"]
[PlyCount "104"]
[EventDate "2022.01.11"]
[EventType "tourn"]
[EventCountry "USA"]
[SourceTitle "playchess.com"]
[Source "ChessBase"]
[SourceQuality "1"]

{[%evp 9,104,10,19,-11,-15,-9,19,12,14,0,11,-37,-26,-74,-86,-100,-95,-106,-102,-142,-132,-161,-162,-165,-129,-122,-79,-209,-205,-207,-202,-193,-165,-179,-147,-206,-193,-176,-193,-166,-113,-286,-277,-343,-353,-733,-698,-800,-518,-506,-523,-529,-525,-520,-516,-587,-565,-635,-454,-709,-668,-728,-717,-1080,-990,-1047,-992,-1032,-1015,-963,-703,-674,-650,-29988,-29989,-29989,-29988,-29990,-879,-29975,-29976,-29977,-29971,-29970,-29972,-6027,-4210,-3829,-3631,-29976,-29952,-7649,-7549,-29957,-11587,-5314,-5029]} 1. Nf3 Nf6 2. c4 e6 3. g3 d5 4. Bg2 d4 5. O-O c5 6. b4 {A13: English Opening: 1...e6.} cxb4 7. a3 bxa3 8. d3 {The position is equal.} Nc6 9. Nxa3 Be7 10. Bf4 {[#]} (10. Nc2 $11 {might be stronger.}) 10... Nd7 $146 ({Predecessor:} 10... O-O 11. Nb5 a6 12. Qb1 Nh5 13. Bc7 Qe8 14. Bb6 Rb8 15. Nbxd4 Bd7 16. Bc7 Rc8 17. Qxb7 Nxd4 18. Nxd4 {0-1 (38) Ehlvest,J (2517)-Gavrilescu,D (2476) Chess.com INT 2020}) 11. Qa4 (11. Bc1 $11 {feels stronger.}) 11... O-O $17 12. Rfb1 e5 13. Bd2 Nc5 14. Qb5 Bf5 15. Nh4 Bd7 16. Nc2 e4 17. dxe4 Ne5 (17... b6 $142 18. Qb2 (18. Nf5 $2 Bf6 $17) 18... Bf6) 18. Qa5 (18. Qb2 $17) 18... b6 $19 (18... Nxc4 19. Qxd8 Rfxd8 20. Bb4 $17) 19. Qa2 Bxh4 20. gxh4 Qxh4 {And now ...Ng4 would win.} 21. f3 {Prevents Ng4.} d3 22. Nd4 (22. Nb4 $17 {was necessary.}) 22... dxe2 {...Ncd3 is the strong threat.} 23. Be1 Qf6 24. Qxe2 Ned3 (24... Ncd3 $19 {Threatens to win with ...Nf4.} 25. Bg3 Nf4 26. Bxf4 Qxf4) 25. e5 $2 (25. Qe3 $17) 25... Nxe5 ({And not} 25... Qxe5 26. Qxe5 Nxe5 27. f4 Nxc4 28. Bxa8 Rxa8 29. Rb4 $11) 26. Rd1 Rfe8 27. f4 $2 {[#]} (27. Qc2) 27... Ned3 $1 28. Bxa8 (28. Qd2 Qxd4+) 28... Qxd4+ (28... Rxa8 29. Rxd3 Re8 30. Qd2 Nxd3 31. Qxd3 $16) 29. Bf2 Qxf4 ({Weaker is} 29... Rxe2 30. Bxd4 a5 31. Bf3 $16) 30. Qf3 {[#]} Nxf2 $1 {[%cal Bd3f2,Bf2h3,Bh3f4][%mdl 544]} 31. Qxf4 Nh3+ 32. Kf1 Nxf4 {Pair of Knights!} 33. Rxa7 Bg4 34. Rd2 (34. Bc6 $142 Bh3+ 35. Kg1) 34... Be2+ 35. Rxe2 Rxe2 36. Bd5 h5 37. Bxf7+ Kh7 38. Bxh5 Rxh2 ({Inferior is} 38... Nxh5 39. Kxe2 Kg6 40. Ke3 $15) 39. Bf3 {Inhibits Ne4.} Ncd3 40. Be4+ Kh6 41. Rd7 Rf2+ 42. Kg1 Ne2+ 43. Kh1 Ng3+ 44. Kg1 Nxe4 45. Rxd3 {KRN-KR} Rf4 46. Rb3 Rg4+ 47. Kh2 Rg6 48. Re3 Nd2 49. Rh3+ Kg5 50. Rd3 Nxc4 51. Rd4 Ne5 {( -> ...Nf3+)} 52. Rb4 Kf5 {Weighted Error Value: White=0.65/Black=0.29 (precise)} 0-1

[Event "New York Winter Invitational IM-D 2022"]
[Site "New York"]
[Date "2022.01.17"]
[Round "8.4"]
[White "Huston, Gus"]
[Black "Canty, James"]
[Result "1-0"]
[WhiteElo "2155"]
[BlackElo "2201"]
[Annotator "TA"]
[PlyCount "99"]
[EventDate "2022.01.11"]
[EventType "tourn"]
[EventCountry "USA"]
[SourceTitle "playchess.com"]
[Source "ChessBase"]
[SourceQuality "1"]

{[%evp 13,99,26,18,-34,-27,-16,-2,-40,-31,-34,-10,-23,-16,-17,-14,-21,-28,-47,-42,-66,-37,-35,-23,-39,-13,-8,-6,-6,-7,-47,-37,-50,233,233,218,216,989,710,748,739,712,705,652,0,622,605,1393,1379,29968,29961,3035,1881,1220,806,806,806,806,806,765,210,1281,1232,1024,881,29976,1007,1007,996,982,977,975,975,967,967,912,900,1259,907,1163,972,6713,6287,29972,29972,29972,29974,6079,5089]} 1. e4 d6 2. d4 Nf6 3. Nc3 g6 4. Nf3 Bg7 5. Be2 O-O 6. O-O Nc6 7. h3 e5 8. Bc4 {[#] B08: Pirc Defence: Classical System.} ({Better is} 8. dxe5 $11 Nxe5 9. Nxe5 dxe5 10. Qxd8 Rxd8 11. a3) 8... exd4 $146 (8... Nxd4 {keeps more tension.} 9. Nxd4 exd4 10. Qxd4 Re8 11. Qd3 c6) ({Predecessor:} 8... Ne7 9. dxe5 Nd7 10. exd6 cxd6 11. Qxd6 Bf6 12. Bg5 Bxg5 13. Nxg5 b5 14. Bxb5 f5 15. Bc4+ Kh8 16. Qg3 Ne5 17. Qxe5+ Rf6 18. Qxf6# {1-0 (18) Doersieb,B (1675)-Jarolim,M (1291) Playchess.com INT 2020}) 9. Nxd4 Re8 10. Re1 {The position is equal.} Nxd4 11. Qxd4 {[#]} Nxe4 $1 12. Bxf7+ $1 {[%mdl 64] Decoy} Kxf7 13. Qd5+ Be6 14. Qxe4 d5 {[%cal Bd6d5,Bd5d4][%mdl 32]} 15. Qf4+ Kg8 16. Qg3 Qd7 {Prevents Nb5.} 17. Bf4 Bf5 {Strongly threatening ...d4. This bishop pair is nice.} 18. Be5 d4 {White must now prevent ...Rxe5.} (18... Bxc2 19. Nxd5 $1 c6 20. Nf6+ Bxf6 21. Bxf6 $16) 19. Bxg7 Kxg7 20. Ne2 c5 21. Nf4 Bxc2 {Hoping for ...d3.} 22. Nh5+ $1 Kh8 $2 {[%mdl 8192] Black is on the road to losing.} (22... Kf7 $1 $15 {keeps the upper hand.} 23. Rec1 (23. Qf3+ Bf5 $11) 23... Qf5 24. Rxc2 Qxc2 25. Qf3+ Qf5 26. Qxb7+ Re7 27. Qxa8 Qxh5) 23. Nf6 $1 $18 {[%csl LRd7,LRe8]} Rxe1+ 24. Rxe1 Qg7 (24... Qf7 25. Qe5 d3) 25. Ne8 Qf7 26. Qe5+ Kg8 27. Nf6+ Kh8 28. Ne8+ {[%cal Bf6e8,Be8d6,Bd6f7,Bf7g5][%mdl 32]} Kg8 {[%cal Oa8e8] [#]} 29. Nd6 $1 Qf8 30. Qd5+ Kh8 31. Nf7+ Kg7 32. Ng5 {Ne6+ would kill now.} Kh6 33. g4 {White wants to mate with Ne6.} Bf5 34. gxf5 {aiming for h4.} Kxg5 35. fxg6+ {[%mdl 4096] Endgame KQR-KQR} Kh6 36. gxh7 $2 (36. Re4 {Threatening mate with Rh4+.} Qd8 37. Qf7 (37. Qxc5 Rc8 $16) 37... Qg5+ 38. Rg4 Qxg6 39. Rxg6+ hxg6 40. Qf4+ Kh7 41. Qc7+ Kh6 42. Qxc5) 36... Qg7+ $2 (36... Re8 37. Rxe8 Qxe8 38. Qxc5 Qg6+ 39. Kh2 Qg7) 37. Kh1 {White threatens Qf5 and mate.} Rf8 {Inhibits Qf5.} 38. Re6+ Rf6 39. Qe5 (39. Rxf6+ $142 Qxf6 40. Qg8 a5 41. h8=Q+ Qxh8 42. Qxh8+ Kg6 43. h4 Kf5 44. Qg7) 39... Rxe6 40. h8=Q+ {[%mdl 64] X-Ray Attack} ({Worse is} 40. Qxe6+ Kxh7 41. Qf5+ Qg6 42. Qxc5 Qe4+ 43. Kg1 d3 44. Qc7+ Kg6 $11) 40... Qxh8 41. Qxh8+ {KQ-KR} Kg6 42. Qg8+ Kf5 43. Qf8+ Ke4 44. Qxc5 Rc6 45. Qg5 Kd3 46. Qf5+ Kd2 47. Qf4+ Kd3 48. h4 {[%cal Bh3h4,Bh4h5][%mdl 32]} Rc5 49. Kg2 b5 50. h5 {Weighted Error Value: White=0.71/Black=0.94} 1-0

[Event "New York Winter Invitational IM-D 2022"]
[Site "New York"]
[Date "2022.01.17"]
[Round "9.1"]
[White "Hardaway, Brewington"]
[Black "Paragua, Mark"]
[Result "1/2-1/2"]
[WhiteElo "2207"]
[BlackElo "2467"]
[Annotator "TA"]
[PlyCount "26"]
[EventDate "2022.01.11"]
[EventType "tourn"]
[EventCountry "USA"]
[SourceTitle "playchess.com"]
[Source "ChessBase"]
[SourceQuality "1"]

{[%evp 23,26,0,0,0,0]} 1. e4 e5 2. Nf3 Nc6 3. Bb5 Nf6 4. O-O Nxe4 5. d4 {[%cal Bd2d4,Bd4e5][%mdl 32]} Nd6 6. dxe5 Nxb5 7. a4 Nbd4 8. Nxd4 d5 9. exd6 Nxd4 10. Qxd4 Qxd6 11. Qe4+ Qe6 12. Qd4 Qd6 {[#]} 13. Qe4+ $146 {C67: Ruy Lopez: Berlin Defence: 4 0-0 Nxe4.} ({Predecessor:} 13. Qe3+ Be6 14. Nc3 Qc6 15. Nb5 Bc5 16. Qc3 O-O 17. Bf4 Rfc8 18. Nd4 Bxd4 19. Qxd4 Rd8 20. Qb4 a5 {½-½ (32) Wei,Y (2732)-Grischuk,A (2777) Chess.com INT 2020}) 13... Qe6 {Not much happened in this game.} 1/2-1/2

[Event "New York Winter Invitational IM-D 2022"]
[Site "New York"]
[Date "2022.01.18"]
[Round "9.2"]
[White "Canty, James"]
[Black "Chiku-Ratte, Olivier-Kenta"]
[Result "0-1"]
[WhiteElo "2201"]
[BlackElo "2377"]
[Annotator "TA"]
[PlyCount "40"]
[EventDate "2022.01.11"]
[EventType "tourn"]
[EventCountry "USA"]
[SourceTitle "playchess.com"]
[Source "ChessBase"]
[SourceQuality "1"]

{[%evp 9,40,-18,11,0,42,34,37,40,51,24,41,10,25,25,27,30,5,4,50,49,124,105,226,136,164,170,249,154,238,150,172,150,123]} 1. e4 c5 2. b4 cxb4 3. a3 {[%cal Ba2a3,Ba3b4,Bb4b5][%mdl 32]} d5 4. exd5 Qxd5 5. Nf3 Bg4 6. axb4 {B20: Sicilian: Unusual White 2nd moves.} Bxf3 (6... Nc6 $11 7. Nc3 Qe6+ 8. Qe2 Qd7) 7. Qxf3 $14 Qxf3 ({Don't take} 7... Qe5+ 8. Kd1 Nc6 9. Nc3) 8. gxf3 {White is slightly better.} e6 9. Bb2 Ne7 {[#]} 10. Nc3 $146 ({Predecessor:} 10. b5 Nd7 11. Bd4 Nf5 12. Be3 Bc5 13. c3 Ke7 14. f4 Nh4 15. Be2 g6 16. Rg1 {1-0 (28) Naseer,F (2195)-Ismael Namir,M (2202) Baghdad 2010}) 10... Nbc6 11. b5 Nd4 {[%csl LRc2,LRf3]} 12. Ra4 Nef5 (12... Nxc2+ $2 13. Kd1 $18) ({Don't do} 12... Nxf3+ 13. Ke2 Ne5 14. b6 $16 (14. Bg2 Rb8 $16)) 13. Ne4 Rd8 (13... Nxc2+ $11 14. Kd1 Nb4) 14. Kd1 Nxf3 ({Better is} 14... a6 $1 $14) 15. Rxa7 $16 {[%cal Ba4a7,Ba7b7,Bb7d7][%mdl 32] Black must now prevent Be2.} Bd6 {This move loses the game for Black.} (15... Rb8 $16) 16. Rxb7 {And now Be2 would win. White is clearly better.} O-O 17. Be2 {This bishop pair is nice.} N3d4 (17... Be5 $142) 18. Bd3 Be5 (18... Bf4 $16 {was called for.} 19. h3 Nf3) 19. Nc5 {[#] Threatens to win with Bxf5.} Nd6 20. Rd7 {Hoping for Re1.} Nf3 {[%mdl 32768] Prevents Re1.  Weighted Error Value: White=0.23 (precise) /Black=0.37. Loss on time!?} 0-1

[Event "New York Winter Invitational IM-D 2022"]
[Site "New York"]
[Date "2022.01.18"]
[Round "9.3"]
[White "Chasin, Nico"]
[Black "Huston, Gus"]
[Result "0-1"]
[WhiteElo "2232"]
[BlackElo "2155"]
[Annotator "TA"]
[PlyCount "80"]
[EventDate "2022.01.11"]
[EventType "tourn"]
[EventCountry "USA"]
[SourceTitle "playchess.com"]
[Source "ChessBase"]
[SourceQuality "1"]

{[%evp 17,80,14,18,31,22,17,27,15,15,0,0,0,0,-12,-19,-68,-79,-29985,0,0,0,-110,-113,-124,-96,-95,-105,-179,-175,-206,-194,-188,-179,-176,-156,-140,-124,-127,-127,-120,-80,-241,-242,-345,-336,-408,-384,-381,-387,-399,-417,-431,-435,-456,-441,-472,-463,-472,-439,-526,-513,-656,-629,-602,-592]} 1. Nf3 Nf6 2. c4 e6 3. d4 d5 4. Nc3 c6 5. Bg5 Nbd7 6. e3 Be7 7. Bd3 O-O 8. O-O b6 9. Rc1 {9.Rc1 has lost popularity.} Bb7 10. Qe2 {D53: Queen's Gambit Declined: 4 Bg5 Be7: Early deviations.} c5 11. Rfd1 cxd4 12. Nxd4 {Black must now prevent cxd5. White has an edge.} Ne5 13. cxd5 {[%cal Od4c6] Threatens to win with Nc6!} Nxd3 {[#]} 14. Rxd3 $146 ({Predecessor:} 14. Qxd3 Nxd5 15. Bxe7 Qxe7 16. Nxd5 Bxd5 17. e4 Bb7 18. f3 Rfd8 19. Qb5 Qf6 20. Ne2 {1-0 (53) Kiseleva,A (1975)-Tskhadadze,A (1824) St Petersburg 2013}) 14... Nxd5 15. Nxd5 Bxg5 {This bishop pair is nice.} (15... Qxd5 16. Nf3 $1 Ba6 17. Rxd5 $14) 16. Nc7 (16. Nc3 $11 Qe7 17. Ndb5) 16... Rc8 $15 17. Nd5 $2 {[%mdl 8192]} Ra8 $2 (17... Rxc1+ {mates} 18. Rd1 Qxd5 19. Kf1 Qxg2+ 20. Ke1 Rfc8 21. Kd2 Rxd1+ 22. Kxd1 Qg1+ 23. Qe1 Rc1+ $3 {[%mdl 512]} 24. Kxc1 Qxe1+ 25. Kc2 Be4+ 26. Kb3 Be7 27. a3 Qd1+ 28. Ka2 Bb1+ 29. Ka1 Bc2+ 30. Ka2 Qb1#) 18. Nc7 $11 {Strongly threatening Ndxe6.} Rc8 19. Rdc3 (19. Ndxe6 fxe6 $1 20. Rxd8 Bxd8 $17) (19. Nd5 $1 $11) 19... Bf6 $1 $17 20. Qc4 Qd7 {[%cal Oa7a6]} 21. Qb5 {To avoid a6} Qd6 {aiming for ...Bd8.} 22. Qa4 {[#]} (22. Qf1 $17) 22... a6 $1 $40 {[%mdl 128] Black wants a kill.} 23. Qa3 Qxa3 24. Rxa3 Rfd8 {Hoping for ...e5.} 25. Rac3 Be5 (25... Bxd4 26. exd4 Rxd4 27. Nxe6 Rxc3 28. bxc3 $17) 26. Kf1 Bd6 (26... Bxh2 27. Nc6 Bxc6 28. Rxc6 Bxc7 29. Rxc7 Rxc7 30. Rxc7 $15) 27. a3 g6 (27... Bxh2 28. Nc6 Bxc6 29. Rxc6 Bxc7 30. Rxc7 Rxc7 31. Rxc7 $15) 28. b4 b5 (28... Bxh2 $6 29. g3 $11) 29. Nb3 $2 {[#]} (29. g3 $17) 29... Be5 $1 ({Inferior is} 29... Bxh2 30. Na5 Rxc7 31. Rxc7 Bxc7 32. Nxb7 $11) 30. R3c2 (30. Nd4 {keeps fighting.}) 30... Rd7 ({And not} 30... Bxh2 31. g3 $15) 31. Nxe6 Rxc2 ({Not} 31... fxe6 32. Rxc8+ Bxc8 33. Rxc8+ Kf7 34. Nc5 Rd1+ 35. Ke2 $16) 32. Rxc2 fxe6 33. Nc5 Rc7 34. Rd2 Bd5 {[%cal Oa6a5] Black is clearly winning.} 35. f4 Bf6 36. e4 Bc4+ 37. Kf2 a5 38. e5 Be7 39. Nd7 axb4 40. axb4 Bd5 {Weighted Error Value: White=0.53/Black=0.20 (precise)} 0-1